LEADER 00891nam0 2200253 450 001 000011193 005 20080514140847.0 100 $a20080514d2004----km-y0itay50------ba 101 0 $aeng 102 $aIT 105 $ay-------001yy 200 1 $a<>Non-Walrasian Labor Market and the European Business Cycle$fFrancesco Zanetti 210 $aRoma$dnovembre 2004$gCentro Stampa della Banca d'Italia 215 $a34 p.$d24 cm 225 2 $aTemi di Ricerca$fEnte per gli Studi monetari, bancari e finanziari Luigi Einaudi$v36 410 0$12001$aTemi di Ricerca 610 1 $aEconomia$aStoria 676 $a330.09$v20 700 1$aZanetti,$bFrancesco$0497547 801 0$aIT$bUNIPARTHENOPE$c20080514$gRICA$2UNIMARC 912 $a000011193 951 $aESMO-TR 332/36$bs.i.$cNAVA1$d2008 996 $aNon-walrasian labor market and the European business cycle$9753835 997 $aUNIPARTHENOPE LEADER 00838cam0 2200265 450 001 E600200041415 005 20210913084637.0 100 $a20081027d2007 |||||ita|0103 ba 101 $aita 102 $aIT 200 1 $a<>Africano$fJ.M.G. Le Clézio 210 $aTorino$cInstar Libri$d2007 215 $a102 p.$cill.$d21 cm 225 2 $aLe Antenne$v9 410 1$1001LAEC00025683$12001 $a*Le Antenne$v9 700 1$aLe Clézio$b, Jean-Marie-Gustave$3A600200050582$4070$0408168 801 0$aIT$bUNISOB$c20210913$gRICA 850 $aUNISOB 852 $aUNISOB$j840$m140387 912 $aE600200041415 940 $aM 102 Monografia moderna SBN 941 $aM 957 $a840$b001490$gSi$d140387$racquisto$1catenacci$2UNISOB$3UNISOB$420081027090645.0$520151109114226.0$6Alfano 996 $aAfricano$91680563 997 $aUNISOB